|
|
|
|
| LEADER |
00000cam a2200000 7i4500 |
| 001 |
0000035909 |
| 002 |
000038839 |
| 005 |
20080528.0 |
| 020 |
|
|
|a T000004223
|
| 090 |
0 |
0 |
|a 306
|b PEM
|
| 245 |
0 |
0 |
|a Pemikir
|
| 255 |
|
|
|a Jld. 1, 19--
|
| 260 |
|
|
|a Kuala Lumpur :
|b Utusan Melayu/ISIS ,
|c 19--
|
| 300 |
|
|
|a 190p. :
|b Illust. ;
|c 25cm.
|
| 505 |
0 |
0 |
|a Bound volume
|
| 600 |
0 |
0 |
|a Munsyi Abdullah
|y 19th century
|x Biography
|x Periodicals
|
| 650 |
0 |
0 |
|a Malay language
|x Periodicals
|
| 650 |
0 |
0 |
|a Malays and the New Millineum
|x Periodicals
|
| 650 |
0 |
0 |
|a Social life and custom
|z Malaysia
|x Periodicals
|
| 650 |
0 |
0 |
|a Social problems
|z Malaysia
|x Periodicals
|
| 650 |
0 |
0 |
|a Vision 2020
|z Malaysia
|x Periodicals
|
| 850 |
|
|
|a HQ : BV;Jan-Dec 2000, Jul-Dis 2001,Jan-Dec 2002,Jan-Dis 2003 Jan-Dis 2004, Jan-Dis 2005.Jan-Dis 2006,January-December 2007
|
| 999 |
|
|
|a 00172947
|b MAJALAH
|c MAJALAH RUJUKAN
|e PERPUSTAKAAN KOMUNITI PETALING JAYA
|
| 999 |
|
|
|a 00173004
|b MAJALAH
|c MAJALAH RUJUKAN
|e PERPUSTAKAAN KOMUNITI PETALING JAYA
|
| 999 |
|
|
|a 086818/99
|b MAJALAH
|c MAJALAH RUJUKAN
|e PERPUSTAKAAN KOMUNITI PETALING JAYA
|
| 999 |
|
|
|a 087276/99
|b MAJALAH
|c MAJALAH RUJUKAN
|e PERPUSTAKAAN KOMUNITI PETALING JAYA
|
| 999 |
|
|
|a 088868/98
|b BUKU
|c MAJALAH RUJUKAN
|e PERPUSTAKAAN KOMUNITI PETALING JAYA
|
| 999 |
|
|
|a 105626/00
|b BUKU
|c MAJALAH RUJUKAN
|e PERPUSTAKAAN KOMUNITI PETALING JAYA
|
| 999 |
|
|
|a 111164/00
|b BUKU
|c MAJALAH RUJUKAN
|e PERPUSTAKAAN KOMUNITI PETALING JAYA
|
| 999 |
|
|
|a 132368/01
|b BUKU
|c MAJALAH RUJUKAN
|e PERPUSTAKAAN KOMUNITI PETALING JAYA
|
| 999 |
|
|
|a 132398/01
|b BUKU
|c MAJALAH RUJUKAN
|e PERPUSTAKAAN KOMUNITI PETALING JAYA
|
| 999 |
|
|
|a 154661/02
|b MAJALAH
|c MAJALAH RUJUKAN
|e PERPUSTAKAAN KOMUNITI PETALING JAYA
|
| 999 |
|
|
|a 154696/02
|b MAJALAH
|c MAJALAH RUJUKAN
|e PERPUSTAKAAN KOMUNITI PETALING JAYA
|
| 999 |
|
|
|a 183392/04
|b MAJALAH
|c MAJALAH RUJUKAN
|e PERPUSTAKAAN KOMUNITI PETALING JAYA
|
| 999 |
|
|
|a 194338/05
|b MAJALAH
|c MAJALAH RUJUKAN
|e PERPUSTAKAAN KOMUNITI PETALING JAYA
|
| 999 |
|
|
|a 206564/06
|b MAJALAH
|c MAJALAH RUJUKAN
|e PERPUSTAKAAN KOMUNITI PETALING JAYA
|
| 999 |
|
|
|a 206584/06
|b MAJALAH
|c MAJALAH RUJUKAN
|e PERPUSTAKAAN KOMUNITI PETALING JAYA
|
| 999 |
|
|
|a 216901/07
|b MAJALAH
|c MAJALAH RUJUKAN
|e PERPUSTAKAAN KOMUNITI PETALING JAYA
|
| 999 |
|
|
|a 216962/07
|b MAJALAH
|c MAJALAH RUJUKAN
|e PERPUSTAKAAN KOMUNITI PETALING JAYA
|